| 000 | 00857nam a2200241Ia 4500 | ||
|---|---|---|---|
| 001 | 23186 | ||
| 003 | GE_BSU | ||
| 008 | 181216s||||||||xx |||||||||||||| ||und|| | ||
| 040 | _cGE_BSU | ||
| 080 | _a821.133.1-31 | ||
| 100 | _aკამიუ,ალბერ | ||
| 245 | _aშავი ჭირი | ||
| 245 | _bრომანი | ||
| 245 | _cფრანგულიდან თარგმნეს გასტონ ბუაჩიძემ, კოტე ჯავრიშვილმა და ნესტან იორდანიშვილმა. რედ. ლ. ჩიქვინიძე | ||
| 260 | _aთბილისი | ||
| 260 | _bმერანი | ||
| 260 | _c1988 | ||
| 300 | _a260 გვ. 20სმ. | ||
| 541 | _h8ლ. 50თ. | ||
| 653 | _aრომანი | ||
| 653 | _aშავი ჭირი | ||
| 942 | _cBK | ||
| 999 |
_c56086 _d56086 |
||